Textile science (Record no. 395627)

MARC details
000 -LEADER
fixed length control field 00530 a2200217 4500
005 - DATE & TIME
control field 20260428143405.0
008 - FIXED-LENGTH DATA ELEMENTS--GENERAL INFORMATION
fixed length control field 260428b |||||||| |||| 00| 0 eng d
020 ## - ISBN
International Standard Book Number 9789386392664
Price Rs. 725.00
040 ## - CATALOGING SOURCE
Original cataloging agency VIVEKANANDA LIBRARY
082 ## - DDC NUMBER
Classification number 677
Book Number R186T
100 ## - MAIN ENTRY--PERSONAL NAME
Personal name Rastogi, Deepali, ed.
110 ## - MAIN ENTRY--CORPORATE NAME
Corporate name
245 ## - TITLE STATEMENT
Title Textile science
260 ## - PUBLICATION, DISTRIBUTION, ETC. (IMPRINT)
Name of publisher, distributor, etc Orient BlackSwan
Date of publication, distribution, etc 2023
Place of publication, distribution, etc Hyderabad
300 ## - PHYSICAL DESCRIPTION
Pages xiv, 338
650 ## - Subject
Subject Technology
650 ## - Subject
Subject Textiles
650 ## - Subject
Subject Manufacturing
700 ## - Added Entry Personal Name
Added Entry Personal Name Chopra, Sheetal, ed.
942 ## - ADDED ENTRY ELEMENTS (KOHA)
Koha item type Books
Holdings
Withdrawn status Lost status Source of classification or shelving scheme Damaged status Not for loan Location (home branch) Sublocation or collection (holding branch) Shelving location Date acquired Koha issues (times borrowed) Koha full call number Accession No. Koha date last seen Koha item type
    Dewey Decimal Classification     VIVEKANANDA LIBRARY VIVEKANANDA LIBRARY IHTM Library 02/03/2026   677 R186T 425258 02/03/2026 Books
    Dewey Decimal Classification     VIVEKANANDA LIBRARY VIVEKANANDA LIBRARY IHTM Library 02/03/2026   677 R186T 425257 02/03/2026 Books
    Dewey Decimal Classification     VIVEKANANDA LIBRARY VIVEKANANDA LIBRARY IHTM Library 02/03/2026   677 R186T 425260 02/03/2026 Books
    Dewey Decimal Classification     VIVEKANANDA LIBRARY VIVEKANANDA LIBRARY IHTM Library 02/03/2026   677 R186T 425261 02/03/2026 Books
    Dewey Decimal Classification     VIVEKANANDA LIBRARY VIVEKANANDA LIBRARY IHTM Library 02/03/2026   677 R186T 425259 02/03/2026 Books
© Designed and Maintained by Vivekananda Library, MDU Rohtak